000 00631nam a22002177a 4500
003 UA-OsUOA
001 46710
007 ta
008 20070705b un ||||| |||| 00| 0 ukr d
090 _a94(100)
_bЕ24
942 _cBK
040 _aUA-OsUOA
_brus
_cUA-OsUOA
_dUA-OsUOA
245 _aЕвропа в средние века: экономика, политика, культура
_bСборник статей
300 _a445 с.
955 _a4
041 _arus
080 _a94(100)
260 _aМ.
_b"Наука"
_c1972
650 7 _a9 Географія. Біографії. Історія
_2UDC
999 _c332804
_d332804